000 00295nam a22001337a 4500
008 181207b xxu||||| |||| 00| 0 eng d
020 _a9780865693272
041 _aeng
080 _a 159.9
100 _a48
101 _aPSI
245 _aCultural Gerontology
_cAndersson,L
942 _2udc
_cBK
999 _c53054
_d53054